| 000 | 01916cam a2200481Ia 4500 | ||
|---|---|---|---|
| 999 |
_c3506 _d3506 |
||
| 001 | ocn720168412 | ||
| 003 | OCoLC | ||
| 005 | 20170829114527.0 | ||
| 007 | ta |||||||||||||||||||| | ||
| 008 | 110504s2011 enka b 001 0 eng d | ||
| 015 |
_aGBB143795 _2bnb |
||
| 016 | 7 |
_a015785734 _2Uk |
|
| 020 |
_a1107402492 _q(pbk.) |
||
| 020 |
_a9781107402492 _q(pbk.) |
||
| 029 | 1 |
_aDEBBG _bBV037419364 |
|
| 029 | 1 |
_aNLGGC _b400324695 |
|
| 035 |
_a(OCoLC)720168412 _z(OCoLC)963630946 |
||
| 040 |
_aYDXCP _beng _cYDXCP _dNUI _dDEBBG _dUKMGB _dQGK _dOCLCF _dOCLCO _dOCLCQ _dSHS _dNLGGC _dOCL _dLTU |
||
| 043 | _ae-uk-en | ||
| 049 | _aTZAA | ||
| 050 | 4 |
_aPN2590.C48 _bM86 2011 |
|
| 082 | 0 | 4 |
_a792/.0942/09032 _223 |
| 100 | 1 | _aMunro, Lucy. | |
| 245 | 1 | 0 |
_aChildren of the Queen's Revels : _ba Jacobean theatre repertory / _cLucy Munro. |
| 250 | _a1st pbk. ed. | ||
| 260 |
_aCambridge ; _aNew York : _bCambridge University Press, _c2011. |
||
| 300 |
_axiii, 267 pages : _billustrations ; _c23 cm |
||
| 504 | _aIncludes bibliographical references (pages 231-252) and index. | ||
| 520 | 8 | _aThis is a study of the Children of the Queen's Revels, the most enduring and influential of the Jacobean children's companies. Combining theatre history and critical analysis, this text provides a history of the Children of the Queen's Revels, and account of their repertory. | |
| 600 | _2on order | ||
| 610 | 2 | 0 |
_aChildren of the Queen's Revels (Theater company) _xHistory. |
| 610 | 2 | 7 |
_aChildren of the Queen's Revels (Theater company) _2fast |
| 610 | 2 | 7 |
_aChildren of the Queen's Revels. _2swd |
| 610 | 2 | 4 | _aChildren of the Queen's Revels (Theater company) |
| 648 | 7 |
_a1600-1699 _2fast |
|
| 650 | 0 |
_aTheater _zEngland _xHistory _y17th century. |
|
| 650 | 7 |
_aTheater. _2fast |
|
| 650 | 0 | 7 |
_aDrama. _2swd |
| 651 | 7 |
_aEngland. _2fast _914506 |
|
| 651 | 7 |
_aFr�uhneuenglisch. _2swd |
|
| 655 | 7 |
_aHistory. _2fast |
|
| 942 |
_2lcc _cBOOK |
||